000 00745cam a2200241 4500500
005 20260405000455.0
041 _afre
042 _adc
100 1 0 _aDominici, Christophe
_eauthor
700 1 0 _aKintzler, Catherine
_eauthor
700 1 0 _aCharnay, Julien
_eauthor
245 0 0 _aChristophe Dominici-Catherine Kintzler. Une philosophie du contact
260 _c2007.
500 _a22
690 _aCatherine Kintzler
690 _aChristophe Dominici
690 _aDialogue
690 _aFootball
690 _arugby
690 _aSport
786 0 _nPhilosophie magazine | 12 | 9 | 2007-09-01 | p. 2-3 | 1951-1787
856 4 1 _uhttps://shs.cairn.info/magazine-philosophie-magazine-2007-9-page-2?lang=fr&redirect-ssocas=7080
999 _c2037479
_d2037479